=LDR 00000nam 2200000 4500 =001 INLIS000000000049561 =005 20170301084534.0 =006 =007 =008 =020 ##$$a 978-602-255-339-7 =035 ##$$0010-031700000000006 =040 ##$$a NBPDMAT =082 ##$$a 304.202 6 =090 ##$$a R.304.202 6 $bInd h =100 ##$$a Indonesia =245 ##$$a Himpunan lengkap Undang-undang Tentang Lingkungan Hidup $c/ Indonesia =250 ##$$a Cet. 1 =260 ##$$a Yogyakarta $b Saufa $c 2014 =300 ##$$a 328 hlm. ; 18 cm =650 ##$$a Lingkungan Hidup-Undang-undang dan Peraturan =850 ##$$a NBPDMAT =990 ##$$a 21606193 =990 ##$$a 21606194 =990 ##$$a 21606191 =990 ##$$a 21606192 =990 ##$$a 21606192 =990 ##$$a 21606193 =990 ##$$a 21606194 =990 ##$$a 21606191